Landslide
Narra la historia de Bob Boyd, un geólogo amnésico que llega al pueblo Fort Farrell para revisar una tierras que planean utilizar sus empleadores los Matterson; pero este pueblo resuena con el pasado de Bob y entre sus interacciones con los personajes, descubre que está relacionado con el accidente...
محفوظ في:
| المؤلف الرئيسي: | |
|---|---|
| التنسيق: | كتاب |
| اللغة: | Undetermined |
| منشور في: |
Londres, Inglaterra
The Companion Book
1967
|
| الموضوعات: | |
| الوسوم: |
إضافة وسم
لا توجد وسوم, كن أول من يضع وسما على هذه التسجيلة!
|
MARC
| LEADER | 00000nam a2200000Ia 4500 | ||
|---|---|---|---|
| 008 | 170316s9999 xx 000 0 und d | ||
| 040 | |a cru BVZT | ||
| 090 | |a 820 B-1L | ||
| 100 | |a Bagley, Desmond | ||
| 245 | |a Landslide | ||
| 260 | |a Londres, Inglaterra | ||
| 260 | |b The Companion Book | ||
| 260 | |c 1967 | ||
| 300 | |a 286 páginas | ||
| 520 | |a Narra la historia de Bob Boyd, un geólogo amnésico que llega al pueblo Fort Farrell para revisar una tierras que planean utilizar sus empleadores los Matterson; pero este pueblo resuena con el pasado de Bob y entre sus interacciones con los personajes, descubre que está relacionado con el accidente automovilístico de un socio de los Matterson. | ||
| 650 | |a LITERATURA INGLESA |9 12 | ||
| 650 | |a NOVELA |9 13 | ||
| 999 | |c 6725 |d 6725 | ||
| 942 | |c 15 D |h 820 B-1L |2 z | ||
